00574nam a22001577a 4500082001000000100002500010245014200035260002800177300000900205526001900214650002800233700003300261942001200294999001900306952009100325 aT-227 aShaheed Ullah951289 aThe combine usage of bloated slate, stone dust and plastic waste for the production of structural and non-structural lightweight concrete aRisalpur,bMCE,c2017.. a81p. a0b0c0dT_227 a Structural Engg951290 aDr Maqbool Sadiq Awan951291 2ddccBK c554017d554017 00102ddc4070aMCEbMCEd2018-01-02l0oT-227pMCE-T-227r2018-01-02w2018-01-02yBK